Online
Catalog

Introducción a la cultura hispánica / (Record no. 4993)

MARC details
000 -CABECERA
campo de control de longitud fija 00521nam a2200169 a 4500
001 - NÚMERO DE CONTROL
campo de control 000005191
005 - FECHA Y HORA DE LA ÚLTIMA TRANSACCIÓN
campo de control 20200929151613.0
008 - DATOS DE LONGITUD FIJA--INFORMACIÓN GENERAL
campo de control de longitud fija 090812s1985 pr a 000 0 spa d
040 ## - FUENTE DE LA CATALOGACIÓN
Centro catalogador/agencia de origen DO-SdBNP
Lengua de catalogación spa
Centro/agencia transcriptor BNPHU
082 ## - NÚMERO DE LA CLASIFICACIÓN DECIMAL DEWEY
Número de clasificación 946
Número de documento/Ítem C697i
100 1# - ENTRADA PRINCIPAL--NOMBRE DE PERSONA
Nombre de persona Coll, Edna
9 (RLIN) 14852
245 10 - MENCIÓN DE TÍTULO
Título Introducción a la cultura hispánica /
Mención de responsabilidad, etc. Edna Coll.
260 ## - PUBLICACIÓN, DISTRIBUCIÓN, ETC.
Lugar de publicación, distribución, etc. San Juan, Puerto Rico :
Nombre del editor, distribuidor, etc. [s.n .],
Fecha de publicación, distribución, etc. 1985.
300 ## - DESCRIPCIÓN FÍSICA
Extensión 180 p. :
Otras características físicas il. ;
Dimensiones 23 cm.
500 ## - NOTA GENERAL
Nota general Recordando al maestro Federico de Onís
650 #4 - PUNTO DE ACCESO ADICIONAL DE MATERIA--TÉRMINO DE MATERIA
Término de materia o nombre geográfico como elemento de entrada Civilación
Subdivisión general Historia
9 (RLIN) 14853
Holdings
Estado de retiro Estado de pérdida Restricciones de uso No para préstamo Código de colección Localización permanente Ubicación/localización actual Ubicación en estantería Fecha de adquisición Número de inventario Total de préstamos Signatura topográfica completa Código de barras Fecha visto por última vez Precio válido a partir de Tipo de ítem Koha
      Excluido de préstamo Monografías: Libros y Folletos General General En catalogación 12.08.2009 LF1   946 C697i 5191-10 25.06.2020 25.06.2020 No se presta

Powered by Koha